Normal view
MARC view
- James A Franklin
Entry Personal Name
001 - CONTROL NUMBER
- control field: 1797
003 - CONTROL NUMBER IDENTIFIER
- control field: NUST
005 - DATE AND TIME OF LATEST TRANSACTION
- control field: 20170601105144.0
008 - FIXED-LENGTH DATA ELEMENTS
- fixed length control field: 170601|| aca||aabn | a|a d
040 ## - CATALOGING SOURCE
- Original cataloging agency: NUST
- Transcribing agency: NUST
100 ## - HEADING--PERSONAL NAME
- Personal name: James A Franklin
670 ## - SOURCE DATA FOUND
- Source citation: Work cat.: (NUST)24554: James A Franklin, Dynamics, Control,and Flying Qualities of V/STOL Aircraft, c2002
